00965nam a2200265Ia 450000500170000000800250001702000180004208200170006010000410007724500660011825000170018430000260020149000830022750000550031060000680036565000330043365000350046694200120050126400480051333600270056133700330058833800280062104000350064999900150068420220317000328.0141031s99 ck 000 0 spa d a978958837596004a070.44bM11m1 aMcCausland Sojo, Ernesto,d1961-201210aMensajes desde el azulblas crónicas de Ernesto McCausland  a1a edición a128 páginasc22 cm. aColección voces del fuegovTestigos del bicentenario. Periodismo, Volumen 38 aIncluye datos biográficos del autor en la solapa14aMcCausland, Ernesto,d1961-2012vColecciones de escritos918736142LEMBaCrónicas colombianas142LEMBaReportajes periodisticos 2ddccBK aCartagena de Indias bPluma de Mompoxc2011 atextobtxt2rdacontent asin mediaciónbn2rdamedia avolumenbnc2rdacarrier aCO-BoRNBPbspaerdacCO-BoRNBP c3738d3738